[Event "FIDE TURNIR 2016"]
[Site "Komenda"]
[Date "2016.02.14"]
[Round "5.9"]
[White "Tisaj, Igor"]
[Black "Hvala, Inja Ajda"]
[Result "1-0"]
[WhiteElo "1238"]
[BlackElo "1261"]
[PlyCount "123"]
[EventDate "2016.02.14"]

1. c4 c6 2. Nc3 d5 3. e3 Nf6 4. Be2 Bf5 5. Nf3 e6 6. Ne5 Bd6 7. d4 Nbd7 8. f4
Ne4 9. c5 Bc7 10. Nf3 Ndf6 11. h3 Ba5 12. Bd2 O-O 13. Qb3 Rb8 14. Qd1 b6 15.
Nxe4 Nxe4 16. Bxa5 bxa5 17. b3 Qc7 18. Bd3 Ng3 19. Rg1 Bxd3 20. Qxd3 Ne4 21. g4
a4 22. Rb1 Qa5+ 23. Nd2 axb3 24. axb3 Rb7 25. Rg2 Rfb8 26. Kf1 Nxd2+ 27. Rxd2
g6 28. Rdb2 Qb4 29. Kg2 Qb5 30. Qc2 Kg7 31. h4 f6 32. Kf3 h5 33. gxh5 gxh5 34.
Qg2+ Kh6 35. Rg1 Kh7 36. Qg6+ Kh8 37. Qxf6+ Kh7 38. Rg6 Qf1+ 39. Rf2 Qh3+ 40.
Ke2 Qg4+ 41. Rxg4 hxg4 42. Rf1 Rxb3 43. Kf2 Rg8 44. Qf7+ Rg7 45. Qh5+ Kg8 46.
Re1 g3+ 47. Kg2 a5 48. Re2 a4 49. Qe8+ Kh7 50. Qa8 a3 51. Ra2 Rxe3 52. Qa6 Rg4
53. Re2 Re4 54. Rxe4 dxe4 55. Qxa3 Rxf4 56. Qxg3 Rf6 57. Qe3 Rg6+ 58. Kh3 Kg7
59. Qxe4 Rf6 60. Qxc6 e5 61. Qe4 exd4 62. Qxd4 1-0

[Event "FIDE TURNIR 2016"]
[Site "Komenda"]
[Date "2016.02.14"]
[Round "5.10"]
[White "Vodnik, Ziga"]
[Black "Grad, Danijel"]
[Result "1-0"]
[WhiteElo "1530"]
[BlackElo "1500"]
[PlyCount "56"]
[EventDate "2016.02.14"]

1. e4 e5 2. Nf3 d6 3. Bc4 Nf6 4. d3 Be7 5. c3 c6 6. Nbd2 d5 7. Bb3 O-O 8. Nxe5
dxe4 9. Nxe4 Nxe4 10. dxe4 Qxd1+ 11. Bxd1 Bd6 12. Nc4 Re8 13. Nxd6 Rd8 14. e5
f6 15. Bb3+ Kf8 16. f4 Nd7 17. O-O fxe5 18. fxe5+ Nf6 19. Bg5 Rd7 20. Nxc8 Rxc8
21. exf6 gxf6 22. Rxf6+ Kg7 23. Be6 Rf8 24. Rxf8 Kxf8 25. Bxd7 Kg7 26. Rf1 h6
27. Be3 a6 28. Bd4+ Kh7 1-0

[Event "FIDE TURNIR 2016"]
[Site "Komenda"]
[Date "2016.02.14"]
[Round "5.11"]
[White "Hvala, Arja Ela"]
[Black "Jelen, Luka"]
[Result "1-0"]
[WhiteElo "1206"]
[BlackElo "1500"]
[PlyCount "59"]
[EventDate "2016.02.14"]

1. d4 d5 2. Bf4 Nc6 3. Nf3 Nf6 4. e3 Bg4 5. h3 Bf5 6. c4 e6 7. Nc3 Bb4 8. Qb3
O-O 9. a3 Ba5 10. Qxb7 Bxc3+ 11. bxc3 Qd7 12. Qxc7 Qxc7 13. Bxc7 dxc4 14. Bxc4
Rfe8 15. Bb5 Be4 16. O-O Nd5 17. Bxc6 Nxc7 18. Bxa8 Nxa8 19. Ne5 f6 20. Nc4 Bd3
21. Nd6 Rd8 22. Rfd1 Bc2 23. Nb7 Rc8 24. Rdc1 Be4 25. Nd6 Rc6 26. Nxe4 f5 27.
Ng5 Nb6 28. Rab1 Nc4 29. Rb8+ Rc8 30. Rxc8# 1-0

[Event "FIDE TURNIR 2016"]
[Site "Komenda"]
[Date "2016.02.14"]
[Round "5.12"]
[White "Zlicar, Jure"]
[Black "Perme, Martin"]
[Result "1-0"]
[WhiteElo "1500"]
[BlackElo "1503"]
[PlyCount "85"]
[EventDate "2016.02.14"]

1. e4 e5 2. Nf3 Nc6 3. Bb5 d6 4. Bxc6+ bxc6 5. h3 Nf6 6. Nc3 d5 7. Nxe5 dxe4 8.
a3 Be7 9. Nxc6 Qd6 10. Nxe7 Qxe7 11. Qe2 O-O 12. d3 Bb7 13. dxe4 Nxe4 14. Nxe4
Bxe4 15. f3 Qh4+ 16. Qf2 Qxf2+ 17. Kxf2 Bc6 18. Bf4 Rad8 19. Rad1 Ba4 20. Rxd8
Rxd8 21. Re1 Bxc2 22. Bxc7 Rd2+ 23. Kg3 Ba4 24. b3 Bc6 25. Bb8 h6 26. Bxa7 Rd6
27. Bc5 Rg6+ 28. Kh2 Kh7 29. Re7 Bd5 30. b4 f6 31. b5 f5 32. b6 f4 33. b7 Bxb7
34. Rxb7 Rc6 35. Bd4 Kg6 36. Rxg7+ Kh5 37. Rf7 Rd6 38. Rxf4 Ra6 39. g4+ Kh4 40.
Rf6 Rxa3 41. Rxh6+ Kg5 42. Rh5+ Kf4 43. Rf5# 1-0

[Event "FIDE TURNIR 2016"]
[Site "Komenda"]
[Date "2016.02.14"]
[Round "5.13"]
[White "Sraka, Lan"]
[Black "Zidar, Jernej"]
[Result "0-1"]
[WhiteElo "1265"]
[BlackElo "1160"]
[PlyCount "44"]
[EventDate "2016.02.14"]

1. d4 d5 2. c4 c6 3. Nc3 Nf6 4. e3 e6 5. Bd3 Bb4 6. Nge2 O-O 7. Bd2 Nbd7 8. a3
Bxc3 9. bxc3 b6 10. h4 Qc7 11. f4 Ba6 12. Qa4 dxc4 13. Qxa6 cxd3 14. Qxd3 c5
15. Rc1 Qc6 16. Rg1 Rfd8 17. f5 Ne5 18. Qb1 Ne4 19. fxe6 fxe6 20. Qa2 Nd3+ 21.
Kd1 Qa4+ 22. Rc2 Nef2# 0-1

[Event "FIDE TURNIR 2016"]
[Site "Komenda"]
[Date "2016.02.14"]
[Round "5.14"]
[White "Paternoster, David"]
[Black "Vaupot, Luka"]
[Result "0-1"]
[WhiteElo "1500"]
[BlackElo "1279"]
[PlyCount "84"]
[EventDate "2016.02.14"]

1. d4 Nf6 2. Nc3 g6 3. Nf3 Bg7 4. Bg5 O-O 5. e3 d6 6. Bb5 Bd7 7. Bc4 c5 8. O-O
b6 9. a4 Nc6 10. Bb5 a6 11. Bxc6 Bxc6 12. d5 Bd7 13. a5 b5 14. Nh4 h6 15. Bxf6
Bxf6 16. Nf3 h5 17. Ne4 Bxb2 18. Ra2 Bg7 19. c3 Bf5 20. Nfd2 e6 21. dxe6 fxe6
22. c4 bxc4 23. Rc2 d5 24. Nxc5 Bxc2 25. Qxc2 Qe7 26. Na4 Rab8 27. Qxg6 Qb4 28.
Nf3 Rf6 29. Qc2 c3 30. Nxc3 Qc4 31. Ng5 Rh6 32. Rd1 Qxc3 33. Qe2 Rf6 34. Qxa6
Qc2 35. Qf1 Rb2 36. Nh3 Rf7 37. a6 d4 38. exd4 Bxd4 39. Rxd4 Rb1 40. Rd8+ Kg7
41. Ng5 Rxf1+ 42. Kxf1 Qxf2# 0-1

[Event "FIDE TURNIR 2016"]
[Site "Komenda"]
[Date "2016.02.14"]
[Round "5.15"]
[White "Subelj, Nik"]
[Black "Macek, Inti"]
[Result "1-0"]
[WhiteElo "1500"]
[BlackElo "1500"]
[PlyCount "87"]
[EventDate "2016.02.14"]

1. e4 Nf6 2. Nc3 Nc6 3. Nf3 e5 4. d4 exd4 5. Nxd4 Nxd4 6. Qxd4 Bd6 7. e5 Bxe5
8. Qxe5+ Qe7 9. Qxe7+ Kxe7 10. Bg5 h6 11. Bxf6+ gxf6 12. Nd5+ Kd8 13. Nxf6 d6
14. O-O-O Ke7 15. Nd5+ Ke6 16. Nxc7+ Kd7 17. Nxa8 Rf8 18. Bb5+ Ke7 19. Rhe1+
Kf6 20. Rxd6+ Kg7 21. Re8 Rg8 22. Rxg8+ Kxg8 23. Rd8+ Kg7 24. Rxc8 a6 25. Be8
b5 26. Nc7 f6 27. Nxa6 h5 28. Bxb5 Kg6 29. Kd2 f5 30. Be8+ Kg5 31. Bxh5 f4 32.
g3 f3 33. h4+ Kf5 34. Bxf3 Kg6 35. Rf8 Kg7 36. Rf4 Kg8 37. Ke3 Kg7 38. Ke4 Kg6
39. Ke5 Kh6 40. Rg4 Kh5 41. Rg8+ Kh6 42. Kf6 Kh7 43. Rg5 Kh6 44. Rh5# 1-0

[Event "FIDE TURNIR 2016"]
[Site "Komenda"]
[Date "2016.02.14"]
[Round "5.16"]
[White "Premk, Simon"]
[Black "Olenik Campa, Rudi"]
[Result "0-1"]
[WhiteElo "1500"]
[BlackElo "1526"]
[PlyCount "82"]
[EventDate "2016.02.14"]

1. e4 c5 2. Nf3 d6 3. Bb5+ Bd7 4. Nc3 Nf6 5. d3 a6 6. Bxd7+ Nbxd7 7. Bg5 e6 8.
O-O Qc7 9. Bf4 e5 10. Bg5 Be7 11. h3 h6 12. Bxf6 Nxf6 13. Nd5 Nxd5 14. exd5 O-O
15. c3 b5 16. d4 exd4 17. cxd4 c4 18. Rc1 Qb7 19. Re1 Bf6 20. b3 cxb3 21. Qxb3
Rac8 22. Rxc8 Rxc8 23. Rd1 Rc4 24. a4 Rxa4 25. Qb2 Qxd5 26. Re1 Bxd4 27. Qb1
Qc6 28. Rc1 Rc4 29. Rxc4 Qxc4 30. Qe4 Bxf2+ 31. Kxf2 Qxe4 32. Kg3 b4 33. Nd2
Qd3+ 34. Nf3 Qxf3+ 35. Kxf3 b3 36. g4 b2 37. h4 b1=Q 38. g5 h5 39. Kf4 Qe1 40.
g6 fxg6 41. Kg5 Qg3# 0-1

[Event "FIDE TURNIR 2016"]
[Site "Komenda"]
[Date "2016.02.14"]
[Round "5.17"]
[White "Halilovic, Elma"]
[Black "Lajovic, Maks"]
[Result "1-0"]
[WhiteElo "1534"]
[BlackElo "1500"]
[PlyCount "67"]
[EventDate "2016.02.14"]

1. e4 e5 2. Nf3 Nc6 3. Bc4 h6 4. Nc3 Nf6 5. d3 Be7 6. Be3 d6 7. h3 Bd7 8. Qd2
O-O 9. O-O a6 10. Rfe1 Re8 11. d4 Nxd4 12. Nxd4 exd4 13. Bxd4 b5 14. Bb3 c5 15.
Bxf6 Bxf6 16. a3 c4 17. Ba2 Bg5 18. Qe2 Qf6 19. Rab1 Qg6 20. Nd5 Bd8 21. b3
Bxh3 22. Nf4 Qf6 23. Nxh3 cxb3 24. cxb3 d5 25. e5 Qf5 26. Rbc1 Bf6 27. Qc2 Qxc2
28. Rxc2 Bxe5 29. Rce2 f6 30. Nf4 Red8 31. Nd3 Bd6 32. b4 Bc7 33. Re7 Bb6 34.
Nf4 1-0

[Event "FIDE TURNIR 2016"]
[Site "Komenda"]
[Date "2016.02.14"]
[Round "5.18"]
[White "Cimperman, Teo"]
[Black "Vaupot, Eliza"]
[Result "1-0"]
[WhiteElo "1500"]
[BlackElo "1500"]
[PlyCount "107"]
[EventDate "2016.02.14"]

1. e4 d5 2. Nc3 Nf6 3. Bd3 Bg4 4. f3 Be6 5. exd5 Nxd5 6. Nxd5 Bxd5 7. c4 Bc6 8.
Qe2 e6 9. f4 Nd7 10. Be4 Ba4 11. Bxb7 Rb8 12. b3 Rxb7 13. bxa4 Bc5 14. Nf3 Nb6
15. d4 Bb4+ 16. Bd2 Ba3 17. Qe4 Bb2 18. Qxb7 Bxa1 19. O-O Nxc4 20. Rxa1 Nxd2
21. Nxd2 Qxd4+ 22. Kf1 Qxa1+ 23. Ke2 Qxa2 24. Qxa7 Qc2 25. Qa8+ Ke7 26. Qxh8
Qxa4 27. g3 c5 28. Qxh7 c4 29. Qxg7 c3 30. Qxc3 Qa6+ 31. Qc4 Qxc4+ 32. Nxc4 f5
33. h4 Kf6 34. Ne5 Kg7 35. Kf3 Kh6 36. g4 fxg4+ 37. Kxg4 Kg7 38. Kg5 Kh7 39.
Nf7 Kg8 40. Kg6 e5 41. fxe5 Kf8 42. h5 Kg8 43. h6 Kf8 44. e6 Kg8 45. h7+ Kf8
46. h8=Q+ Ke7 47. Ng5 Kd6 48. Qd8+ Ke5 49. e7 Kf4 50. e8=Q Kg4 51. Qa4+ Kg3 52.
Qd3+ Kg2 53. Qac2+ Kg1 54. Qdd1# 1-0